[Event "Eastern Asia-ch U12"]
[Site "Tornelo INT"]
[Date "2021.10.30"]
[Round "5"]
[White "Goutham Krishna, H."]
[Black "Kumar P, Naveen"]
[Result "1-0"]
[WhiteElo "1361"]
[BlackElo "1049"]
[PlyCount "77"]
[EventDate "2021.10.29"]
[EventType "swiss"]
[EventRounds "9"]
[EventCountry "NET"]
[SourceTitle "EXT 2023"]
[Source "ChessBase"]
[SourceDate "2022.10.05"]
[SourceVersion "1"]
[SourceVersionDate "2022.10.05"]
[SourceQuality "1"]

1. Nf3 Nf6 2. d4 g6 3. c4 Bg7 4. Nc3 d6 5. h3 0-0 6. Bf4 b6 7. e3 Bb7 8. Qc2 Nbd7 9. Be2 c5 10. 0-0 cxd4 11. exd4 Rc8 12. Qa4 a5 13. Rfd1 Bc6 14. Qb3 Rb8 15. Qc2 Re8 16. Bh2 Rc8 17. Qb3 Ne4 18. Nb5 Bxb5 19. Qxb5 Qc7 20. Rac1 e5 21. dxe5 Bxe5 22. Nxe5 Nxe5 23. Qd5 Qc6 24. Qd4 Rcd8 25. b3 f5 26. Bf4 Nf7 27. Be3 Qc5 28. Qd3 Qc6 29. Qd4 Nc5 30. Bf3 Qc7 31. Bd5 Kf8 32. Qf6 Re7 33. Bxf7 Rxf7 34. Qh8+ Ke7 35. Bg5+ Kd7 36. Bxd8 Qb8 37. Bf6 Qc7 38. Be5 Ne4 39. f3 1-0

[Event "Eastern Asia-ch U12"]
[Site "Tornelo INT"]
[Date "2021.10.29"]
[Round "3"]
[White "Do, Quang Minh1"]
[Black "Kumar P, Naveen"]
[Result "0-1"]
[WhiteElo "1290"]
[BlackElo "1049"]
[PlyCount "99"]
[EventDate "2021.10.29"]
[EventType "swiss"]
[EventRounds "9"]
[EventCountry "NET"]
[SourceTitle "EXT 2023"]
[Source "ChessBase"]
[SourceDate "2022.10.05"]
[SourceVersion "1"]
[SourceVersionDate "2022.10.05"]
[SourceQuality "1"]

1. e4 e6 2. d4 d5 3. exd5 exd5 4. Bd3 Bd6 5. Ne2 Ne7 6. Bf4 Bf5 7. 0-0 0-0 8. Re1 c6 9. c3 Bxd3 10. Qxd3 Ng6 11. Bxd6 Qxd6 12. Nd2 Nd7 13. Qg3 Qxg3 14. Nxg3 Nf6 15. Nf3 Rfe8 16. Kf1 Kf8 17. h3 Nf4 18. Ne5 Rad8 19. f3 Nd7 20. Rad1 Nxe5 21. dxe5 Ng6 22. b3 Nxe5 23. Kf2 g6 24. f4 Nd7 25. f5 Nf6 26. Kf3 Rxe1 27. Rxe1 Re8 28. Rxe8+ Kxe8 29. Kf4 h6 30. Ke5 Ke7 31. Ne2 Nd7+ 32. Kf4 g5+ 33. Ke3 Kf6 34. g4 Nc5 35. Ng3 Ke5 36. Ne2 Ne4 37. a3 Nxc3 38. Nxc3 d4+ 39. Kd3 dxc3 40. Kxc3 Kf4 41. Kd4 Kg3 42. Ke5 Kxh3 43. Kd6 Kxg4 44. f6 Kf5 45. Ke7 Kg6 46. b4 g4 47. a4 g3 48. b5 cxb5 49. axb5 g2 50. Kf8 0-1